000 00463nam a22001577a 4500
005 20251108164227.0
008 250721s1985 xx 000 0 ara d
082 1 4 _a618.392/محم
100 1 _aالبار، محمد علي
245 1 0 _aمشكلة الإجهاض :
_bدراسة طبية فقهيه /
264 1 _aجده :
_bالدار السعودية للنشر،
_c1985.
300 _a82ص
650 1 7 _aالإجهاض
942 _2ddc
_cBK
999 _c6877
_d6877